书目信息 |
| 题名: |
药理实验方法学
|
|
| 作者: | 刘建文 主编 | |
| 分册: | ||
| 出版信息: | 北京 化学工业出版社 2003.06 |
|
| 页数: | 274页 | |
| 开本: | 26cm | |
| 丛书名: | ||
| 单 册: | ||
| 中图分类: | R965.2 | |
| 科图分类: | ||
| 主题词: | 药理学 | |
| 电子资源: | ||
| ISBN: | 7-5025-3271-4 | |
| 000 | 00619nam0 2200205 45 | |
| 001 | 0441120138 | |
| 005 | 2004042811251832 | |
| 010 | @a7-5025-3271-4@dCNY 40.00 | |
| 100 | @a20040428d2003 km y0chiy0120 ea | |
| 101 | 0 | @achi |
| 102 | @aCN@b110000 | |
| 200 | 1 | @a药理实验方法学@Ayao li shi yan fang fa xue@e-新技术和新方法@f刘建文主编@Fliu jian wen zhu bian |
| 210 | @a北京@c化学工业出版社@d2003.06 | |
| 215 | @a274页@d26cm | |
| 517 | 1 | @a-新技术和新方法@A-xin ji shu he xin fang fa |
| 606 | 0 | @a药理学 |
| 690 | @aR965.2@v3 | |
| 701 | 0 | @a刘建文@Aliu jian wen@4主编 |
| 801 | 0 | @aCN@bPFT@c20040428 |
| 905 | @dR965.2@eL630 | |
| 药理实验方法学:-新技术和新方法/刘建文主编.-北京:化学工业出版社,2003.06 |
| 274页;26cm |
| ISBN 7-5025-3271-4:CNY 40.00 |
| ● |
| 相关链接 |
|
|
|
正题名:药理实验方法学
索取号:R965.2/L630
 
预约/预借
| 序号 | 登录号 | 条形码 | 馆藏地/架位号 | 状态 | 备注 |
| 1 | 391271 | 203912711 | 自科库401/401自科库 23排1列4层/ [索取号:R965.2/L630] | 在馆 | |
| 2 | 391272 | 203912720 | 自科库401/401自科库 23排1列4层/ [索取号:R965.2/L630] | 在馆 | |
| 3 | 391273 | 203912739 | 自科库401/401自科库 23排1列4层/ [索取号:R965.2/L630] | 在馆 |